000
00305nam a22001337a 4500
020
_a
978-81-291-2491-3
082
_a
158
_b
APJ/M
100
_a
ABDULKALAM,A.P.J
245
_a
MY JOURNEY
260
_a
NEW DELHI
_b
RUPA
300
_a
147
650
_a
TRANSFORMING DREAMS INTO ACTIONS
_z
NEW DELHI
942
_c
BK
999
_c
5605
_d
5605